| 000 | 00872nam a22002057a 4500 | ||
|---|---|---|---|
| 005 | 20251108164117.0 | ||
| 008 | 250721s1997 xx 000 0 ara d | ||
| 082 | 1 | 4 | _a025.30956/ندو |
| 111 | 2 | _aالندوة العربية للمعلومات ( السابعة : عمان : 1996 ) | |
| 245 | 1 | 0 | _aوقائع الندوة العربية السابعة للمعلومات : النشر و الضبط الببليوغرافي للنتاج الفكري العربي / |
| 264 | 1 |
_aعمان : _bأمانة عمان الكبرى، _c1997. |
|
| 300 | _a552ص. | ||
| 650 | 1 | 7 | _aالمكتبات الوطنية |
| 650 | 1 | 7 | _aالببليوغرافيات |
| 650 | 1 | 7 | _aالعرب |
| 650 | 1 | 7 | _aالضبط الببليوغرافي |
| 710 | 2 | _aالإتحاد العربي للمكتبات و المعلومات . وزارة الثقافه | |
| 942 |
_2ddc _cBK |
||
| 999 |
_c3859 _d3859 |
||